Statistics for Biggest Cities in Pennsylvania

Click here to take the quiz!

General Stats

  • This quiz has been taken 28,285 times
    (7,301 since last reset)
  • The average score is 9 of 20

Answers on the Map

Answers color-coded by a green-red scale on the quiz's map according to % correct below.
Loading ...
 

Answer Stats

PopulationCity% Correct
1,584,138Philadelphia
99%
301,048Pittsburgh
94%
49,229Harrisburg
78%
96,471Erie
69%
77,182Scranton
68%
121,433Allentown
60%
59,420Lancaster
47%
40,806Wilkes-Barre
40%
88,495Reading
38%
44,118York
37%
42,352State College
37%
75,790Bethlehem
35%
43,702Altoona
33%
33,909Chester
23%
28,348Williamsport
23%
27,216Easton
21%
27,529Monroeville
14%
34,422Norristown
13%
32,501Bethel Park
11%
27,135Plum
9%

Score Distribution

Percentile by Number Answered

Percent of People with Each Score

Your Score History

You have not taken this quiz since the last reset